000 00849aam a2200301 i 4500
001 311
003 CO-MdBIC
005 20211002094406.0
008 211002b2002 ck ||||| |||| 00| 0 eng d
020 _a958-9289-01-0
040 _bspa.
_aCO-MdFUSB
_cCO-MdFUSB
_dCO-MdFUSBC
_erda
041 _aspa
082 0 4 _aR 413.61 S4864m
100 1 _aSerna M., J. Alberto
245 1 0 _aCómo partir, acentuar y tildar correctamente las palabras / J. Alberto Serna
_c/
260 _aBogotá, Colombia : Idioma
264 1 _aBogotá, Colombia :
_bIdioma,
_c[2000]
264 4 _c© 2000
300 _a184 Pág.
_c;
336 _2rdacontent
_atexto
_btxt
337 _2rdamedia
_asin mediación
_bn
338 _2rdacarrier
_avolumen
_bnc
653 _aCómo partir
653 _aAcentuar
653 _aTildar
942 _cBK
945 _aEstudiante
999 _c31847
_d31847